00606nam a2200169 i 450000100060000000300090000600500170001500700030003200800410003524500910007625000120016726000670017930000220024685200310026899900170029995201200031624950ES-MaACL20230906153151.0t|021219s1948 sp ||||1| spa d00aDerecho internacional público adaptados por los alumnos de la Escuela Diplomática. a1ª ed. aMadrid : bEdiciones Claridad, c[1948] (fJosé Ruiz Alonso) a399 p. ; c20 cm. aES-MaACLjC-5170 bR.25952 c24950d24950 00104070aATENEOMbATENEOMcSPALd2008-01-17eSCl0oC-5170p1025723r2023-02-23 00:00:00w2023-02-23yMONOGRAFIA